Routledge handbook of sustainable design / (Record no. 14158)

000 -LEADER
fixed length control field 00707cam a2200229 i 4500
003 - CONTROL NUMBER IDENTIFIER
control field OSt
005 - DATE AND TIME OF LATEST TRANSACTION
control field 20260326194337.0
008 - FIXED-LENGTH DATA ELEMENTS--GENERAL INFORMATION
fixed length control field 170609s2018 enk b 001 0 eng
020 ## - INTERNATIONAL STANDARD BOOK NUMBER
International Standard Book Number 9781138650176
Qualifying information hbk : alk. paper
040 ## - CATALOGING SOURCE
Original cataloging agency DLC
Language of cataloging eng
Description conventions rda
Transcribing agency DLC
Modifying agency DLC
042 ## - AUTHENTICATION CODE
Authentication code pcc
050 00 - LIBRARY OF CONGRESS CALL NUMBER
Classification number NK1520
Item number .R683 2018
082 00 - DEWEY DECIMAL CLASSIFICATION NUMBER
Classification number 745.4
Edition number 23
245 00 - TITLE STATEMENT
Title Routledge handbook of sustainable design /
Statement of responsibility, etc edited by Rachel Beth Egenhoefer.
246 30 - VARYING FORM OF TITLE
Title proper/short title Handbook of sustainable design
300 ## - PHYSICAL DESCRIPTION
Extent xvi, 530 pages ;
Dimensions 26 cm
490 0# - SERIES STATEMENT
Series statement Routledge handbooks
504 ## - BIBLIOGRAPHY, ETC. NOTE
Bibliography, etc Includes bibliographical references and index.
650 #0 - SUBJECT ADDED ENTRY--TOPICAL TERM
Topical term or geographic name as entry element Sustainable design
700 1# - ADDED ENTRY--PERSONAL NAME
Personal name Egenhoefer, Rachel Beth,
Relator term editor.
942 ## - ADDED ENTRY ELEMENTS (KOHA)
Source of classification or shelving scheme
Holdings
Withdrawn status Lost status Source of classification or shelving scheme Damaged status Koha normalized classification for sorting Not for loan Permanent location Current location Shelving location Date acquired Full call number Barcode Date last seen Price effective from Koha item type
        745_400000000000000   BMS College of Architecture, Design and Planning BMS College of Architecture, Design and Planning General Stacks 2025-12-25 745.4 AR-UG4956 2026-02-10 2026-02-10 B.PLAN
Copyright © 2025, The Librarian, Library and Information Centre, BMSCA D&P, Bengaluru. All Rights Reserved
web counter

Powered by Koha